| 000 | 00572nam a2200193Ia 4500 | ||
|---|---|---|---|
| 005 | 20250326123838.0 | ||
| 008 | 250326s9999 xx 000 0 und d | ||
| 037 | _aTextbook | ||
| 040 |
_aFMSL _beng _cFMSL |
||
| 041 |
_aeng _2eng |
||
| 084 |
_aS(X:8) L8 _qFMSL |
||
| 100 |
_aHampton D R _9736244 |
||
| 245 | 0 |
_aOrganizational behavior and the practice of management _cHampton D R; Summer C E And Other |
|
| 250 | _a3 | ||
| 260 |
_aNew Jersey _bNew Jersey, Scott, Foresman _c1978 |
||
| 300 | _a851p | ||
| 942 |
_cTB _hS(X:8) L8 |
||
| 999 |
_c1271167 _d1271167 |
||